000 00651nam a2200181Ia 4500
008 151202s9999||||xx |||||||||||||| ||und||
082 _bPNVM-32778
100 _aवाळींबे वि.स.
245 _aरायबरेली व त्यानंतर.
260 _b"श्री विद्या प्रकाशन, पुणे."
260 _c1978
300 _a180
600 _aवाळींबे वि.स.
630 _aरायबरेली व त्यानंतर.
700 _aवाळींबे वि.स.
730 _aरायबरेली व त्यानंतर.
942 _cBOOK
999 _c1298739
_d1298736